Statistics for Country Chain With (Almost) No Clues

Click here to take the quiz!

General Stats

  • This quiz has been taken 2,940 times
    (1,908 since last reset)
  • The average score is 8 of 15

Answer Stats

HintAnswerIs% Correct
(4)Iran
74%
(4)Oman
72%
(4)Laos
67%
(3,7)New Zealand
59%
(5)Yemen
59%
(11)Netherlands
56%
(5)Nauru
55%
(5)Nepal
55%
(3,6)San Marino
54%
(3,5)Sri Lanka
53%
(7)Uruguay
52%
(11)Afghanistan
49%
(8)Djibouti
49%
(6)Angola
44%
(10)Seychelles
36%

Score Distribution

Percentile by Number Answered

Percent of People with Each Score

Your Score History

You have not taken this quiz since the last reset